书目信息 |
| 书名: | Principles of Electronic Instrumentation | |
| 作者: | Brian Holton. | |
| 分册号: | ||
| 分册名: | 出版地: | Fort Worth, TX : |
|
| 出版社: | Dryden Press | |
| 出版时间: | ||
| 页数: | 147 p. ; | |
| 开本: | 29cm. | |
| 丛书名: | Laboratory Manual to Accompany | |
| 中图分类号: | ||
| 科图分类号: | ||
| 其他分类号: | TM506 | |
| 主题词: | ||
| 电子资源: | ||
| 000 | 00464nam 2200169 a 4500 | |
| 001 | E0138470178 | |
| 005 | 2001112710411014 | |
| 008 | 011127s 00010 eng | |
| 020 | @a0-03-097263-9. | |
| 040 | @aPFT@beng | |
| 090 | @aTM506 | |
| 099 | @dTM506@eH758 | |
| 245 | @aPrinciples of Electronic Instrumentation / @cBrian Holton. | |
| 250 | @a3rd ed. | |
| 260 | @aFort Worth, TX :@bDryden Press. | |
| 300 | @a147 p. ;@c29cm. | |
| 440 | @aLaboratory Manual to Accompany | |
| Principles of Electronic Instrumentation / / Brian Holton.-3rd ed.-Fort Worth, TX : : Dryden Press. |
| 147 p. ; ; 29cm.- (Laboratory Manual to Accompany) |
| ISBN 0-03-097263-9. |
| ● |
| 相关链接 |
|
|
|
正题名:Principles of Electronic Instrumentation
索取号:TM506/H758
 
预约/预借
| 序号 | 登录号 | 条形码 | 馆藏地/架位号 | 状态 | 备注 |
| 1 | 0200 | 300002002 | 自科库301/400A自科库 36排3列4层/ [索取号:TM506/H758] | 在馆 | |
| 2 | 0201 | 300002011 | 自科库301/400A自科库 36排3列4层/ [索取号:TM506/H758] | 在馆 |